Quick Pick: Rose Bowl Appearances Quiz Stats

 Plays Quiz Updated Jan 1, 2018

Score 0/11 Timer 01:30
1 Play Today
% Correct
Michigan
90.6%
Ohio State
88.5%
USC
87.4%
UCLA
85%
Stanford
76.3%
Washington
72.6%
Oregon
72.5%
Wisconsin
71.2%
California
65.3%
Iowa
50.8%
Alabama
44.1%

Today's Daily Dose

Word Ladder
In Hot 'Water'

Quick Pick
Opera Composers

Get the Picture
The Office Accountants

You're not logged in!

Compare scores with friends on all Sporcle quizzes.
OR
Log In

Show Comments

Extras

Top Quizzes Today


Score Distribution

Your Account Isn't Verified!

In order to create a playlist on Sporcle, you need to verify the email address you used during registration. Go to your Sporcle Settings to finish the process.

Report this User

Report this user for behavior that violates our Community Guidelines.

Details: